India's national language : (Record no. 66965)
[ view plain ]
| 000 -LEADER | |
|---|---|
| fixed length control field | 00862cam a2200277 a 4500 |
| 001 - CONTROL NUMBER | |
| control field | sa 65010823 |
| 003 - CONTROL NUMBER IDENTIFIER | |
| control field | DLC |
| 005 - DATE AND TIME OF LATEST TRANSACTION | |
| control field | 20260227112211.0 |
| 008 - FIXED-LENGTH DATA ELEMENTS--GENERAL INFORMATION | |
| fixed length control field | 801006s1965 ii a b 000 0 eng |
| 010 ## - LIBRARY OF CONGRESS CONTROL NUMBER | |
| LC control number | sa 65010823 |
| 035 ## - SYSTEM CONTROL NUMBER | |
| System control number | (OCoLC)6794048 |
| 040 ## - CATALOGING SOURCE | |
| Original cataloging agency | DLC |
| Transcribing agency | DLC |
| Modifying agency | DLC |
| 041 0# - LANGUAGE CODE | |
| Language code of text/sound track or separate title | eng |
| -- | hin |
| 043 ## - GEOGRAPHIC AREA CODE | |
| Geographic area code | a-ii--- |
| 050 00 - LIBRARY OF CONGRESS CALL NUMBER | |
| Classification number | PK116 |
| Item number | .R3 |
| 100 0# - MAIN ENTRY--PERSONAL NAME | |
| Personal name | Raghu Vira. |
| 245 10 - TITLE STATEMENT | |
| Title | India's national language : |
| Remainder of title | a collection of the articles of Prof. Dr. Raghu Vira. |
| 260 ## - PUBLICATION, DISTRIBUTION, ETC. | |
| Place of publication, distribution, etc. | New Delhi : |
| Name of publisher, distributor, etc. | International Academy of India Culture, |
| Date of publication, distribution, etc. | 1965. |
| 300 ## - PHYSICAL DESCRIPTION | |
| Extent | 351 p. : |
| Other physical details | ill. ; |
| Dimensions | 25 cm. |
| 490 1# - SERIES STATEMENT | |
| Series statement | Śata-piṭaka series ; |
| Volume/sequential designation | v. 36 = |
| Series statement | Śatapiṭakam |
| 546 ## - LANGUAGE NOTE | |
| Language note | In English and Hindi. |
| 504 ## - BIBLIOGRAPHY, ETC. NOTE | |
| Bibliography, etc. note | Includes bibliographical references. |
| 651 #0 - SUBJECT ADDED ENTRY--GEOGRAPHIC NAME | |
| Geographic name | India |
| General subdivision | Languages. |
| 650 #0 - SUBJECT ADDED ENTRY--TOPICAL TERM | |
| Topical term or geographic name entry element | Oriental languages. |
| 830 #0 - SERIES ADDED ENTRY--UNIFORM TITLE | |
| Uniform title | Śata-piṭaka series ; |
| Volume/sequential designation | v. 36. |
No items available.